[Event "AUT-chT2S 9394"]
[Site "Austria"]
[Date "1994.??.??"]
[Round "?"]
[White "Hazai, Laszlo"]
[Black "Brglez, Rado"]
[Result "1-0"]
[WhiteElo "2465"]
[BlackElo "2300"]
[PlyCount "69"]
[EventDate "1993.??.??"]
[EventType "team"]
[EventRounds "11"]
[EventCountry "AUT"]
[SourceTitle "EXT 1998"]
[Source "ChessBase"]
[SourceDate "1997.11.17"]
[SourceVersion "1"]
[SourceVersionDate "1997.11.17"]
[SourceQuality "1"]

1. e4 e5 2. Nf3 Nc6 3. Bb5 a6 4. Ba4 Nf6 5. 0-0 Be7 6. Re1 b5 7. Bb3 d6 8. c3 0-0 9. h3 Na5 10. Bc2 c5 11. d4 Bb7 12. Nbd2 cxd4 13. cxd4 exd4 14. Nxd4 Re8 15. Nf1 Bf8 16. Ng3 g6 17. Bg5 h6 18. Bf4 Nd7 19. b3 Qf6 20. Qd2 Rac8 21. Rad1 Nc6 22. Nxc6 Rxc6 23. Bb1 h5 24. Bg5 Qc3 25. Qf4 Re6 26. Ne2 Qa5 27. Nd4 d5 28. Re3 Bd6 29. Qh4 Bc5 30. Nxc6 Bxc6 31. exd5 Rd6 32. Re8+ Kg7 33. b4 Qxb4 34. Qxb4 Bxb4 35. Be7 1-0

[Event "SLO-chT"]
[Site "Slovenia"]
[Date "1994.??.??"]
[Round "?"]
[White "Jelen, Igor"]
[Black "Brglez, Rado"]
[Result "1/2-1/2"]
[WhiteElo "2385"]
[BlackElo "2285"]
[PlyCount "63"]
[EventDate "1994.??.??"]
[EventType "team"]
[EventRounds "7"]
[EventCountry "SLO"]
[SourceTitle "EXT 1997"]
[Source "ChessBase"]
[SourceDate "1996.11.15"]
[SourceVersion "1"]
[SourceVersionDate "1996.11.15"]
[SourceQuality "1"]

1. d4 Nf6 2. c4 e6 3. Nc3 Bb4 4. e3 b6 5. Nge2 Bb7 6. a3 Be7 7. d5 0-0 8. e4 Re8 9. Ng3 d6 10. Be2 Nbd7 11. f4 c6 12. 0-0 a6 13. Be3 Rc8 14. Rc1 cxd5 15. cxd5 exd5 16. exd5 b5 17. Bf3 Nb6 18. b3 Bf8 19. Qd2 Nbxd5 20. Nxd5 Bxd5 21. Bxd5 Nxd5 22. Bf2 Nf6 23. h3 d5 24. Rxc8 Qxc8 25. Rc1 Qb7 26. b4 Rc8 27. Bd4 Ne4 28. Nxe4 dxe4 29. Be5 a5 30. Rxc8 Qxc8 31. bxa5 Bxa3 32. Kh2 1/2-1/2